ARRUPE JESUIT UNIVERSITY

CORONAVIRUS -STOP THE SPREAD - CLEAN,DISINFECT,COVER

This incomplete one : (Record no. 118381)

MARC details
000 -LEADER
fixed length control field 01912cam a22003134a 4500
001 - CONTROL NUMBER
control field 14176614
003 - CONTROL NUMBER IDENTIFIER
control field ARRUPE
005 - DATE AND TIME OF LATEST TRANSACTION
control field 20131022172144.0
008 - FIXED-LENGTH DATA ELEMENTS--GENERAL INFORMATION
fixed length control field 051122s2006 miu b 000 0 eng
010 ## - LIBRARY OF CONGRESS CONTROL NUMBER
LC control number 2005032913
020 ## - INTERNATIONAL STANDARD BOOK NUMBER
International Standard Book Number 0802822274 (pbk. : alk. paper)
020 ## - INTERNATIONAL STANDARD BOOK NUMBER
International Standard Book Number 9780802822277 (pbk. : alk. paper)
035 ## - SYSTEM CONTROL NUMBER
System control number (OCoLC)ocm62342724
040 ## - CATALOGING SOURCE
Original cataloging agency DLC
Transcribing agency DLC
Modifying agency BAKER
-- C#P
-- DLC
042 ## - AUTHENTICATION CODE
Authentication code pcc
050 00 - LIBRARY OF CONGRESS CALL NUMBER
Classification number BV4275
Item number .T55 2006
082 00 - DEWEY DECIMAL CLASSIFICATION NUMBER
Classification number 252/.1
Edition number 22
300 ## - PHYSICAL DESCRIPTION
Dimensions 22 cm.
245 00 - TITLE STATEMENT
Title This incomplete one :
Remainder of title words occasioned by the death of a young person /
Statement of responsibility, etc edited by Michael D. Bush.
260 ## - PUBLICATION, DISTRIBUTION, ETC. (IMPRINT)
Place of publication, distribution, etc Grand Rapids, Mich. :
Name of publisher, distributor, etc W.B. Eerdmans Pub. Co.,
Date of publication, distribution, etc c2006.
300 ## - PHYSICAL DESCRIPTION
Extent xv, 169 p. ;
504 ## - BIBLIOGRAPHY, ETC. NOTE
Bibliography, etc Includes bibliographical references.
505 0# - FORMATTED CONTENTS NOTE
Formatted contents note Casey William Alley / M. Craig Barnes -- Matthias Barth / Karl Barth -- Erik Hansen / David L. Bartlett -- Patrick Mills / Ronald P. Byars -- What can we expect of God? / John Claypool -- Alex's death / William Sloan Coffin, Jr. -- Words of faith, hope, and love / Stephen T. Davis -- When the waters are deep / J. Howard Edington -- True saints, when absent from the body, are present with the Lord / Jonathan Edwards -- The last enemy / Laura Mendenhall -- Standing at the grave / Jeffrey J. Newlin -- Anne Elizabeth Kuzee / Jack Roeda -- Reaching out / Fleming Rutledge -- Sermon at Nathanael's grave / Friedrich Schleiermacher -- Where the children can dance / Philip Turner -- Surprised by death / James Van Tholen.
650 #0 - SUBJECT ADDED ENTRY--TOPICAL TERM
Topical term or geographic name as entry element Funeral sermons.
9 (RLIN) 2657
700 1# - ADDED ENTRY--PERSONAL NAME
Personal name Bush, Michael D.,
Titles and other words associated with a name pastor.
9 (RLIN) 2658
856 41 - ELECTRONIC LOCATION AND ACCESS
Materials specified Table of contents
Uniform Resource Identifier <a href="http://www.loc.gov/catdir/toc/ecip064/2005032913.html">http://www.loc.gov/catdir/toc/ecip064/2005032913.html</a>
906 ## - LOCAL DATA ELEMENT F, LDF (RLIN)
a 7
b cbc
c orignew
d 1
e ecip
f 20
g y-gencatlg
942 ## - ADDED ENTRY ELEMENTS (KOHA)
Source of classification or shelving scheme Library of Congress Classification
Koha item type Monograph ( Printed materials)
Holdings
Withdrawn status Lost status Source of classification or shelving scheme Damaged status Not for loan Home library Current library Date acquired Total Checkouts Full call number Barcode Date last seen Price effective from Koha item type
    Library of Congress Classification     ARRUPE LIBRARY ARRUPE LIBRARY 22/10/2013   BV4275 .T55 2006 46411449 24/01/2017 22/10/2013 Monograph ( Printed materials)

 

Arrupe Library. PO Box MP320 Mt Pleasant, Harare, Zimbabwe
263 242 745411|librarian@aju.ac.zw